Movie titles with household items - Statistics

General Stats
  • This quiz has been taken 19 times
  • The average score is 7 of 15
Answer Stats
Hint Answer % Correct
For whom the —— tolls Bell
100%
Love, stock and Two smoking ——- Barrels
89%
Peter —— Pan
83%
Rear ——- Window
83%
The —— crack’d Mirror
56%
——- story Toy
56%
——- talk Pillow
44%
How to make an American —— Quilt
39%
The —— list Bucket
28%
The —— trip Couch
22%
An angel at My ———- Table
22%
The —— to The house Keys
17%
Men with —— Brooms
6%
The ——- man Lawnmower
6%
The baby —— Shower
0%
No matching quizzes found
Score Distribution
Percent of People with Each Score
Percentile by Number Answered
Your Score History
You have not taken this quiz